Statistiques concernant Culture Générale - Série 1082

Cliquez ici pour prendre le quiz!

Statistiques générales

  • Ce quiz a été pris 54 fois
  • Le résultat moyen est 6 sur 10

Statistiques - réponses

Question Réponse % Correct
De deux personnes inséparables, on dit parfois familièrement, qu'elles sont "comme cul et...chemise
96%
Dans quel jeu de société un meurtre peut-il être commis par le colonel Moutarde dans la salle à manger ?Le Cluedo
92%
Quels sont les deux prix littéraires décernés le même jour au restaurant Drouant, à Paris ? le G ....Goncourt
90%
De quel pays des Grandes Antilles, la ville de Saint-Domingue est-elle la capitale ?République Dominicaine
77%
Quels sont les deux prix littéraires décernés le même jour au restaurant Drouant, à Paris ?, le R ....Renaudot
67%
Quel poisson d'eau douce sert traditionnellement à la fabrication des quenelles lyonnaises ?brochet
63%
Un des opéras de Gioacchino Rossini a pour titre "Guillaume...Tell
62%
Quel objet symbolique, au nom latin, suspend-on dans une église en reconnaissance de l'exaucement d'un voeu ?ex-voto
38%
En Suisse francophone, comment dit-on "quatre-vingts" ?huitante
33%
Comment appelle-t-on couramment la poudre de silicate naturel de magnésium ?talc
21%

Distribution des résultats

Percentile par nombre de réponses

% des personnes avec chaque résultat

Votre développement - résultats

Vous n’avez pas pris ce quiz